Top 10 cheapest US states to Buy a house - Statistics

General Stats
  • This quiz has been taken 38 times
  • The average score is 8 of 10
Answer Stats
Answer % Correct
Kentucky
91%
Louisiana
91%
Mississippi
91%
Ohio
91%
Arkansas
88%
Oklahoma
88%
Alabama
84%
West Viirginia
84%
Indiana
81%
Delaware
47%
No matching quizzes found
Score Distribution
Percent of People with Each Score
Percentile by Number Answered
Your Score History
You have not taken this quiz